000
00257nam a22001217a 4500
082
_a
630.685 PRA
100
_a
Pratt A Edwin
245
_a
Organisation of Agriculture
250
_a
3
260
_a
John Murray & Sons
_c
1908
300
_a
443
942
_c
BK
999
_c
370447
_d
370447